[Event "Teteven op 32nd"]
[Site "Teteven"]
[Date "2018.08.16"]
[Round "6"]
[White "Shabanaj, Lefter"]
[Black "Pionova, Sonja"]
[Result "1-0"]
[WhiteElo "1706"]
[BlackElo "2011"]
[PlyCount "101"]
[EventDate "2018.08.11"]
[EventType "swiss"]
[EventRounds "9"]
[EventCountry "BUL"]
[SourceTitle "CBM 186 Extra"]
[Source "ChessBase"]
[SourceDate "2018.08.24"]
[SourceVersion "1"]
[SourceVersionDate "2018.08.24"]
[SourceQuality "1"]

1. d4 c5 2. d5 g6 3. g3 d6 4. c4 Bg7 5. Bg2 Na6 6. Nf3 Nf6 7. 0-0 0-0 8. Nc3 Nc7 9. a4 b6 10. Ra3 Rb8 11. e4 Bg4 12. h3 Bxf3 13. Bxf3 a6 14. Bg2 Nd7 15. Qc2 b5 16. axb5 axb5 17. cxb5 Nxb5 18. Nxb5 Rxb5 19. Re1 Qb6 20. Bf1 Rb4 21. b3 Rb8 22. Bc4 Ne5 23. Kg2 Nxc4 24. bxc4 Rb1 25. Bd2 Rb2 26. Qd3 Bd4 27. Re2 Bf6 28. h4 Qb7 29. Bc3 Rb3 30. Rxb3 Qxb3 31. Re3 Bxc3 32. Qxc3 Qa2 33. e5 Rb2 34. Rf3 Rc2 35. Qe3 Qa8 36. exd6 exd6 37. Qe7 Qf8 38. Qe4 Rd2 39. Rd3 Rxd3 40. Qxd3 Qe7 41. Qe3 Qxe3 42. fxe3 Kg7 43. Kf3 f5 44. e4 Kf6 45. Kf4 h6 46. exf5 Kf7 47. fxg6+ Kxg6 48. g4 Kf6 49. g5+ hxg5+ 50. hxg5+ Kg6 51. Kg4 1-0

[Event "Teteven op 32nd"]
[Site "Teteven"]
[Date "2018.08.13"]
[Round "3"]
[White "Pionova, Sonja"]
[Black "Badev, Kiril"]
[Result "0-1"]
[WhiteElo "2011"]
[BlackElo "2170"]
[PlyCount "80"]
[EventDate "2018.08.11"]
[EventType "swiss"]
[EventRounds "9"]
[EventCountry "BUL"]
[SourceTitle "CBM 186 Extra"]
[Source "ChessBase"]
[SourceDate "2018.08.24"]
[SourceVersion "1"]
[SourceVersionDate "2018.08.24"]
[SourceQuality "1"]

1. e4 d6 2. d4 g6 3. Nc3 Bg7 4. h3 a6 5. a4 Nd7 6. Nf3 c5 7. Be2 cxd4 8. Nxd4 Ngf6 9. Nb3 b6 10. f4 Bb7 11. Bf3 Rc8 12. Nd5 Nxd5 13. exd5 Qc7 14. c3 Qc4 15. Be3 0-0 16. Kf2 Nf6 17. Nd2 Qc7 18. Nb3 e6 19. dxe6 fxe6 20. Nd4 Rce8 21. Re1 Bxf3 22. Nxf3 d5 23. Kg1 Nh5 24. Bd4 Nxf4 25. Bxg7 Kxg7 26. Qd4+ Kg8 27. Ne5 Qc5 28. Qxc5 bxc5 29. Nd7 Rf5 30. Nxc5 Rg5 31. Kh1 e5 32. Rad1 e4 33. b4 e3 34. Rd4 Rf5 35. Nxa6 e2 36. b5 Nh5 37. Rxe2 Rxe2 38. b6 Rf1+ 39. Kh2 Ree1 40. g4 Re2# 0-1

[Event "BUL-chT (Women) 47th"]
[Site "Sunny Beach"]
[Date "2014.09.24"]
[Round "6.3"]
[White "Sirkova, Darena"]
[Black "Pionova, Sonja"]
[Result "1-0"]
[WhiteElo "1929"]
[BlackElo "2028"]
[PlyCount "119"]
[EventDate "2014.09.19"]
[EventType "team-tourn"]
[EventRounds "7"]
[EventCountry "BUL"]
[SourceTitle "EXT 2015"]
[Source "ChessBase"]
[SourceDate "2014.11.20"]
[SourceVersion "1"]
[SourceVersionDate "2014.11.20"]
[SourceQuality "1"]
[WhiteTeam "Plovdiv Lokomotiv 2000 (W)"]
[BlackTeam "Plovdiv Lokomotiv (W)"]
[WhiteTeamCountry "BUL"]
[BlackTeamCountry "BUL"]

1. e4 a6 2. d4 c5 3. dxc5 e6 4. Be3 Nf6 5. Nc3 Qc7 6. Nf3 Ng4 7. Bd4 Nc6 8. Nd5 exd5 9. exd5 Nxd4 10. Qxd4 d6 11. cxd6 Qxd6 12. 0-0-0 Be7 13. Qxg7 Qf4+ 14. Kb1 Bf6 15. Re1+ Be6 16. Rxe6+ fxe6 17. Qxb7 Rb8 18. Qc6+ Kf8 19. b3 Nxf2 20. Qc5+ Kg7 21. Qxf2 Qb4 22. Qd2 Qa3 23. Qc1 Qa5 24. Qe1 Qa3 25. Ne5 Rhd8 26. Qg3+ Kf8 27. Qf4 Kg7 28. Qg4+ Kf8 29. Qxe6 Qe7 30. Qxe7+ Bxe7 31. Nc6 Rxd5 32. Nxb8 Rd1+ 33. Kb2 Bf6+ 34. Ka3 a5 35. g3 Bc3 36. Bg2 Rd2 37. Be4 Kg7 38. Nc6 Re2 39. Bd3 Re6 40. Nd8 Rd6 41. Nb7 Rd7 42. Be4 Rd4 43. Bf5 Rd5 44. Rf1 Rb5 45. Nd8 Re5 46. Ne6+ Kg8 47. Ng5 h6 48. Be6+ Kg7 49. Rf5 Re2 50. Rf7+ Kg6 51. Ne4 Bb4+ 52. Kb2 Rxh2 53. a3 Be1 54. Rf6+ Kg7 55. Rf4 Re2 56. Bc4 Re3 57. Bd3 h5 58. Nd6 Kg8 59. Re4 Rxg3 60. Rxe1 1-0

[Event "BUL-chT (Women) 46th"]
[Site "Sunny Beach"]
[Date "2013.09.20"]
[Round "2.2"]
[White "Pionova, Sonja"]
[Black "Voiska, Margarita"]
[Result "0-1"]
[WhiteElo "2058"]
[BlackElo "2275"]
[PlyCount "36"]
[EventDate "2013.09.19"]
[EventType "team-tourn"]
[EventRounds "7"]
[EventCountry "BUL"]
[SourceTitle "CBM 156 Extra"]
[Source "ChessBase"]
[SourceDate "2013.10.22"]
[SourceVersion "1"]
[SourceVersionDate "2013.10.22"]
[SourceQuality "1"]
[WhiteTeam "Blagoevgrad Victory (W)"]
[BlackTeam "Plovdiv Lokomotiv (W)"]
[WhiteTeamCountry "BUL"]
[BlackTeamCountry "BUL"]

1. e4 g6 2. d4 Bg7 3. Nf3 c6 4. a4 d5 5. e5 Nh6 6. Bd3 f6 7. Qe2 0-0 8. h3 Nf7 9. Bf4 fxe5 10. Nxe5 Nd7 11. Bg3 Nfxe5 12. dxe5 Qb6 13. c4 Qb4+ 14. Kf1 Nc5 15. Bc2 d4 16. Bd1 Bh6 17. Qc2 Bf5 18. Qe2 Bd3 0-1

[Event "BUL-chT-A (Women) 62nd"]
[Site "Sunny Beach"]
[Date "2012.09.19"]
[Round "1.2"]
[White "Genova, Ruzka"]
[Black "Pionova, Sonja"]
[Result "0-1"]
[WhiteElo "2209"]
[BlackElo "2028"]
[PlyCount "182"]
[EventDate "2012.09.19"]
[EventType "team-tourn"]
[EventRounds "7"]
[EventCountry "BUL"]
[SourceTitle "CBM 150 Extra"]
[Source "ChessBase"]
[SourceDate "2012.10.19"]
[SourceVersion "1"]
[SourceVersionDate "2012.10.19"]
[SourceQuality "1"]
[WhiteTeam "Plovdiv Lokomotiv (W)"]
[BlackTeam "Blagoevgrad Victory (W)"]
[WhiteTeamCountry "BUL"]
[BlackTeamCountry "BUL"]

1. c4 c5 2. Nc3 e6 3. g3 Nf6 4. Bg2 a6 5. e4 Qc7 6. Nge2 Be7 7. 0-0 0-0 8. b3 Nc6 9. Bb2 d6 10. d4 cxd4 11. Nxd4 Bd7 12. Nc2 Rac8 13. Qe2 Ne5 14. Rac1 Qb8 15. Kh1 b5 16. f4 Ng6 17. Ne3 Bc6 18. h4 Rfe8 19. h5 Nf8 20. h6 b4 21. hxg7 Ng6 22. Ncd5 exd5 23. Nf5 Bd8 24. Nh6+ Kxg7 25. Qh5 Bd7 26. Bh3 Re5 27. Bxe5 dxe5 28. Nf5+ Bxf5 29. Qxf5 Rc5 30. cxd5 Rxc1 31. Rxc1 Bc7 32. Rc6 Bd6 33. Bg2 Qd8 34. fxe5 Bxe5 35. g4 h6 36. Rxa6 Nd7 37. g5 hxg5 38. Bh3 g4 39. Qxg4 Nf6 40. Qc8 Qe7 41. Ra8 Nxe4 42. Qg8+ Kf6 43. Qd8 Nf2+ 44. Kg2 Nxh3 45. Kxh3 Bd6 46. Qxe7+ Nxe7 47. Kg2 Ke5 48. Kf3 f5 49. Ra6 Nxd5 50. Ra8 Nc3 51. Ra5+ Nd5 52. Ra6 f4 53. Ra5 Kd4 54. Ra6 Bc5 55. Ra5 Be7 56. Ra7 Ke5 57. Ra5 Bd6 58. Ra6 Ke6 59. Ra8 Nc3 60. Ra5 Nd1 61. Ke2 Ne3 62. Kf3 Nf5 63. Ke4 Ne7 64. Ra6 Ng6 65. Ra8 Ne7 66. Rh8 Nd5 67. Re8+ Kd7 68. Ra8 Kc6 69. Kf3 Nb6 70. Rh8 Nd5 71. Ra8 Nc7 72. Rg8 Nb5 73. Ra8 Bc7 74. Ke4 Nc3+ 75. Kf3 Kd5 76. a3 bxa3 77. Rxa3 Nb5 78. Ra8 Nd4+ 79. Kf2 Nxb3 80. Rf8 Ke4 81. Re8+ Be5 82. Rf8 Nc1 83. Rf7 Nd3+ 84. Ke2 Bd4 85. Rf8 Ne5 86. Re8 f3+ 87. Kf1 Kd3 88. Rf8 Ke3 89. Rb8 Ng4 90. Re8+ Be5 91. Ke1 f2+ 0-1

[Event "BUL-chT (Women) 42th"]
[Site "Sunny Beach"]
[Date "2009.05.11"]
[Round "4.3"]
[White "Pionova, Sonja"]
[Black "Petkova, Veneta"]
[Result "1/2-1/2"]
[WhiteElo "2034"]
[BlackElo "1928"]
[PlyCount "131"]
[EventDate "2009.05.08"]
[EventType "team-tourn"]
[EventRounds "7"]
[EventCountry "BUL"]
[SourceTitle "CBM 130 Extra"]
[Source "ChessBase"]
[SourceDate "2009.07.02"]
[SourceVersion "2"]
[SourceVersionDate "2009.07.15"]
[SourceQuality "1"]
[WhiteTeam "Plovdiv Rokada (W)"]
[BlackTeam "Varna Georgi Daskalov (W)"]
[WhiteTeamCountry "BUL"]
[BlackTeamCountry "BUL"]

1. c4 e5 2. e3 Nf6 3. Qc2 Nc6 4. a3 d5 5. cxd5 Nxd5 6. Nf3 Bd6 7. b4 a6 8. Bb2 0-0 9. Be2 Be6 10. 0-0 Nb6 11. d3 f6 12. Nbd2 Be7 13. Rac1 Qe8 14. d4 exd4 15. Nxd4 Nxd4 16. Bxd4 Nd5 17. Nb3 c6 18. Nc5 Bxc5 19. Bxc5 Rf7 20. Bf3 Rd7 21. g3 Rad8 22. e4 Ne7 23. Be3 Ng6 24. Rfd1 Ne5 25. Be2 Bg4 26. Bb6 Rxd1+ 27. Rxd1 Rxd1+ 28. Qxd1 Bxe2 29. Qxe2 Qd7 30. f4 Qd3 31. Qxd3 Nxd3 32. Bd4 Nc1 33. Kf2 Nb3 34. Be3 a5 35. Ke2 a4 36. Kd3 b5 37. g4 Kf7 38. h4 h6 39. Bd4 Nc1+ 40. Kd2 Nb3+ 41. Kc3 Nc1 42. Kd2 Nb3+ 43. Ke3 Ke6 44. Bc3 c5 45. bxc5 Nxc5 46. Bb4 Na6 47. Bc3 Nc5 48. f5+ Kd6 49. g5 hxg5 50. hxg5 Nd7 51. Kf4 Kc5 52. Bb4+ Kd4 53. Be7 fxg5+ 54. Kxg5 Kxe4 55. Bb4 Nb6 56. Bf8 Nd5 57. Bxg7 b4 58. axb4 Nxb4 59. f6 Nd5 60. f7 Nc7 61. Kf6 Nd5+ 62. Ke6 Nf4+ 63. Kf6 Nd5+ 64. Kg5 Nc7 65. Kf6 Nd5+ 66. Ke6 1/2-1/2

[Event "BUL-chT2 (Women) 58th"]
[Site "Borovetz"]
[Date "2008.10.04"]
[Round "4.2"]
[White "Pionova, Sonja"]
[Black "Kantardzhieva, Toni"]
[Result "1/2-1/2"]
[WhiteElo "2033"]
[BlackElo "1919"]
[PlyCount "99"]
[EventDate "2008.10.01"]
[EventType "team"]
[EventRounds "5"]
[EventCountry "BUL"]
[SourceTitle "CBM 126 Extra"]
[Source "ChessBase"]
[SourceDate "2008.11.05"]
[SourceVersion "1"]
[SourceVersionDate "2008.11.05"]
[SourceQuality "1"]

1. d4 d5 2. Nf3 e6 3. Bf4 Nf6 4. h3 Be7 5. e3 0-0 6. Bd3 b6 7. Nbd2 Bb7 8. c3 Ne4 9. 0-0 Nd7 10. Qe2 f5 11. Ne5 Nxe5 12. Bxe5 Bd6 13. Nf3 Ng5 14. Bf4 Nxf3+ 15. Qxf3 c5 16. Qg3 Be7 17. Be5 Bf6 18. Bd6 Be7 19. Bf4 Rc8 20. Be5 Bf6 21. Rfe1 Re8 22. Bb5 Rf8 23. Bd3 Bxe5 24. Qxe5 Rf6 25. a4 a6 26. f3 Qc7 27. Qxc7 Rxc7 28. Re2 g6 29. Rae1 Kg7 30. h4 Rf8 31. Kf2 h6 32. Rh1 Rcc8 33. Ree1 Rc7 34. Rh3 Kf6 35. Rg3 Bc8 36. Ke2 Rg8 37. Rh1 e5 38. dxe5+ Kxe5 39. f4+ Kf6 40. Kd2 h5 41. c4 dxc4 42. Bxc4 Rd8+ 43. Kc3 Rd6 44. Rf3 Bd7 45. Bxa6 Bxa4 46. Bc4 b5 47. b3 b4+ 48. Kc2 Bc6 49. Rf2 Be4+ 50. Kb2 1/2-1/2

[Event "Kesarovski Georgiev Memorial 4th"]
[Site "Sunny Beach"]
[Date "2005.09.19"]
[Round "4"]
[White "Bojchev, Marian"]
[Black "Pionova, Sonja"]
[Result "1-0"]
[WhiteElo "2240"]
[BlackElo "2084"]
[PlyCount "97"]
[EventDate "2005.09.16"]
[EventType "swiss"]
[EventRounds "9"]
[EventCountry "BUL"]
[SourceTitle "CBM 108 Extra"]
[Source "ChessBase"]
[SourceDate "2005.11.04"]
[SourceVersion "1"]
[SourceVersionDate "2005.11.04"]
[SourceQuality "1"]

1. d4 c5 2. d5 g6 3. e4 d6 4. c4 Bg7 5. Nc3 Na6 6. f4 Nc7 7. Bd3 a6 8. Nf3 Bg4 9. 0-0 Nf6 10. Qb3 Bxf3 11. Rxf3 Rb8 12. Bd2 0-0 13. a4 Nd7 14. Re1 e6 15. Kh1 exd5 16. exd5 Nf6 17. a5 Qd7 18. h3 Qd8 19. Na4 Nh5 20. Bc2 Bf6 21. Qa3 Bh4 22. g3 Bf6 23. b4 cxb4 24. Bxb4 Re8 25. Rxe8+ Nxe8 26. Qe3 Nhg7 27. Nb6 Be7 28. Rf1 Nf6 29. Re1 Bf8 30. Ba4 Nf5 31. Qd3 h5 32. Bc3 Bg7 33. Qf3 Qc7 34. g4 hxg4 35. hxg4 Nxg4 36. Bxg7 Kxg7 37. Qxg4 Rh8+ 38. Kg2 Qc5 39. Qe2 Qxa5 40. Qb2+ f6 41. Re6 Rf8 42. Nd7 Qxa4 43. Nxf8 Kxf8 44. Qxf6+ Kg8 45. Qxg6+ Ng7 46. Rxd6 Qa5 47. Qd3 Qa2+ 48. Kh3 Qa1 49. Qf3 1-0